00996nam a22002657a 45000010005000000030006000050050017000110080041000280200018000690400029000870500017001160820018001331000034001512450088001852500041002732600038003143000061003525050007004135200161004205210028005815210018006096500039006276500030006667000034006966615FISKH20250605090419.0250513b cb ||||| |||| 00| 0 eng d a9780881069860 aFISKHbengcFISKHdFISKH aQH108.C6 C64 a577.340972866 aB.Collard III, Sneedd(1959-) aThe forest in the clouds /cBy Sneed B.Collard III ; Illustrated by Michael Rothman aThis edition first published in 2000 aWatertown :bCharlesbridge,c2000 a29 unnumbered pages :bcolor illustrations ;c22 x 29 cm aJ  aDescribes some of the exotic plants and animals that live in the cloud forest of Costa Rica, and discusses some environmental threats faced by this region. 8 a500 estimate bLexile 8 aJ bRaz-Plus  2Literary nonfictionaContext clues 2Living thingsaRainforest aRothman, Michaeldillustrator